| 000 | 00502nam a22001337a 4500 | ||
|---|---|---|---|
| 082 | _aMSEE-3 | ||
| 100 |
_aAli Fahim Khan _998819 |
||
| 245 | _aNonlinear bayesian estimation of fMRI bold signal under non-gaussian noise | ||
| 260 |
_aIslamabad _bNUST-SEECS _c2014 |
||
| 300 |
_a93 _b27cm.+ _eCD-ROM |
||
| 500 | _aSupervisors:Dr. Muhammad Shahzad Younis, Dr. Kashif Mahmood Rajpoot, Dr. Khawar Khurshid, Dr. Amir Ali Khan | ||
| 856 | _uhttp://10.250.8.41:8080/xmlui/handle/123456789/8931 | ||
| 942 |
_cPR _2ddc |
||
| 999 |
_c13157 _d13157 |
||